| 000 | 00582nac a22001691u 4500 | ||
|---|---|---|---|
| 020 | _a8120314948 | ||
| 082 |
_a669.069 _bM6976 |
||
| 090 |
_c1025 _d1025 |
||
| 100 | _aMohanty, A. K. | ||
| 245 |
_aRate processing in metallurgy / _cA. K. Mohanty. |
||
| 260 |
_aNew Delhi : _bPrentice-Hall of India, _c2000. |
||
| 300 |
_a464 p. : _bill. ; _c24 cm. |
||
| 500 | _aIncludes index. | ||
| 650 | _aMetallurgy. | ||
| 942 |
_cBB _k669.069M6976 |
||
| 999 |
_c1025 _d1025 |
||